Clic Quelles sont les dates de ces conflits ? - Statistiques

Statistiques générales
  • Ce quiz a été pris 82 fois
  • Le résultat moyen est 13 sur 30
Statistiques - réponses
Hint Réponse % Correct
Guerre d'Espagne 1936-1939
72%
Guerre du Vietnam 1959-1975
70%
Guerre des Six Jours 1967
66%
Guerre de Corée 1950-1953
64%
Guerre Iran-Irak 1980-1988
64%
Guerre de Cent Ans 1337-1453
60%
Guerre de 30 ans 1618-1648
60%
Guerre des Gaules -58/-50
55%
Guerre d'Indépendance américaine 1775-1783
52%
Guerre Franco-Prussienne 1870
52%
Guerre de 7 ans 1756-1763
51%
Croisades 1096-1272
49%
Guerre des Malouines 1982
48%
Guerre Russo-Japonaise 1904-1905
46%
Guerre de Sécession 1861-1865
45%
1ère guerre du Péloponnèse -461/-446
43%
Guerres de religion (France) 1562-1598
42%
1ère guerre punique -264/-241
34%
Croisade des Albigeois 1209-1229
31%
Guerre de Succession d'Espagne 1701-1714
31%
Reconquista 722-1492
30%
Guerre franco-chinoise 1881-1885
27%
Guerres d'Italie 1494-1559
25%
Guerre d'Indépendance grecque 1821-1830
25%
Guerre de Crimée 1853-1855
25%
Guerre des Deux Roses 1455-1485
22%
Guerre de la Ligue d'Augsbourg 1689-1697
22%
1ère guerre civile anglaise 1642-1646
21%
Guerre de Dévolution 1667-1668
18%
Guerre de Hollande 1672-1678
13%
Aucun quiz correspondant
Distribution des résultats
% des personnes avec chaque résultat
Percentile par nombre de réponses
Votre historique - résultats
Vous n’avez pas pris ce quiz